000 00640nam a2200277Ia 4500
005 20260324133733.0
008 008 260324s9999 xx 000 0 eng d
020 _a9780203716229
037 _aEBOOK
040 _aCRL
040 _beng
040 _cCRL
041 _2eng
041 _aeng
084 _qCRL
100 _aNicole J. Jackson
_91194201
245 0 _aRussian Foreign Policy and the CIS
260 _bTaylor and Francis
260 _c2003
365 _a
365 _b280
856 _uhttp://www.taylorfrancis.com/books/9780203716229
942 _cEBOOK
999 _c1793571
_d1793571